[Event "Tepe Sigeman 2026"]
[Site "Elite Plaza Hotel, Gustav Ado"]
[Date "2026.05.06"]
[Round "6.2"]
[White "Erdogmus, Yagiz Kaan"]
[Black "Abdusattorov, Nodirbek"]
[Result "1/2-1/2"]
[WhiteElo "2708"]
[BlackElo "2780"]
[PlyCount "52"]
[EventDate "2026.??.??"]
[WhiteTeam "TUR"]
[BlackTeam "UZB"]
[WhiteClock "0:11:19"]
[BlackClock "0:58:27"]

1. e4 c5 2. Nf3 d6 3. d4 cxd4 4. Nxd4 Nf6 5. Nc3 a6 6. Be2 e6 7. f4 Be7 8. Be3 e5 ({RR} 8... Qc7 9. a3 O-O 10. g4 Nc6 11. g5 Nd7 12. h4 b5 13. Nxc6 Qxc6 14. h5 Bb7 15. h6 g6 16. Qd4 f6 17. Bg4 e5 18. Be6+ Kh8 19. Qd2 exf4 20. Bxf4 fxg5 21. Bxg5 Ne5 22. Rh3 Bxg5 23. Qxg5 {Durarbayli,V (2635)-Firouzja,A (2785) chess.com INT 2023 0-1 (31)}) ({RR} 8... Nbd7 9. g4 Nc5 10. Bf3 d5 11. e5 Nfe4 12. Bxe4 Nxe4 13. Nxe4 dxe4 14. Qe2 Bh4+ 15. Kf1 Be7 16. Rd1 Qc7 17. h4 Bd7 18. Rh3 O-O-O 19. Bf2 Kb8 20. Qxe4 Bb5+ 21. Kg1 Bc5 22. Rc3 Qb6 23. a3 {Cieslak,W (1919)-Cichocka,K (1719) Jastrzebia Gora POL 2025 1-0 (40)}) 9. fxe5 $146 ({RR} 9. Nf5 Bxf5 10. exf5 exf4 11. Bxf4 d5 12. Bf3 d4 13. Ne2 Nc6 14. Bxc6+ bxc6 15. Qxd4 Qa5+ 16. Qc3 Bb4 {0-1 (16) Plekhanova,E (1869)-Kleymenova,V (2035) Khanty-Mansiysk RUS 2024}) ({RR} 9. Nf5 Bxf5 10. exf5 exf4 11. Bxf4 d5 12. Bf3 d4 13. Ne2 Nc6 14. Bxc6+ bxc6 15. Qxd4 Qa5+ 16. Qc3 Bb4 {0-1 (16) Plekhanova,E (1869)-Kleymenova,V (2035) Khanty-Mansiysk RUS 2024}) 9... dxe5 10. Nf5 Qxd1+ 11. Rxd1 Bxf5 12. exf5 Bb4 13. Bd2 Nc6 14. a3 Bc5 15. Bd3 e4 16. Nxe4 Nxe4 17. Bxe4 O-O-O 18. Bxc6 bxc6 19. Ke2 Rd5 20. g4 Re8+ 21. Kf3 Red8 22. Ke2 Re5+ 23. Kf3 Red5 24. Ke2 Re8+ 25. Kf3 Red8 26. Ke2 Kd7 1/2-1/2

[Event "Tepe Sigeman 2026"]
[Site "Elite Plaza Hotel, Gustav Ado"]
[Date "2026.05.06"]
[Round "6.3"]
[White "Woodward, Andy"]
[Black "Carlsen, Magnus"]
[Result "0-1"]
[WhiteElo "2635"]
[BlackElo "2840"]
[PlyCount "96"]
[EventDate "2026.??.??"]
[WhiteTeam "USA"]
[BlackTeam "NOR"]
[WhiteClock "0:25:49"]
[BlackClock "0:21:58"]

1. d4 Nf6 2. c4 g6 3. Nc3 Bg7 4. e4 d6 5. Be2 O-O 6. Be3 a5 7. Nf3 Ng4 8. Bg5 h6 9. Bc1 ({RR} 9. Bh4 Nf6 10. Nd2 Nc6 11. Nb5 e5 12. d5 Nd4 13. Nxd4 exd4 14. O-O Qe8 15. Bxf6 Bxf6 16. Bd3 Bg7 17. f4 Bd7 18. Qc2 c6 19. Rae1 cxd5 20. exd5 Qc8 21. Ne4 Qc7 22. f5 Bxf5 23. Rxf5 gxf5 {Martirosyan,H (2661)-Praggnanandhaa,R (2757) Biel SUI 2024 ½-½ (40)}) 9... e5 10. O-O Nf6 $146 ({RR} 10... Nc6 11. d5 Ne7 12. h3 Nf6 13. Be3 b6 14. Nd2 Bd7 15. b3 Nh7 16. a3 f5 17. f3 h5 18. b4 f4 19. Bf2 g5 20. c5 Rf6 21. cxd6 cxd6 22. bxa5 bxa5 23. Nc4 Nc8 24. Rb1 Rg6 25. Rb7 {Gharibyan,M (2487)-Martirosyan,H (2626) chess.com INT 2026 1-0 (47)}) 11. Be3 Ng4 12. Bc1 Nd7 13. h3 Ngf6 14. Be3 exd4 15. Nxd4 Nc5 16. f3 ({RR} 16. Qc2 Re8 17. Bf3 Nh7 18. Qd2 Ng5 19. Bxg5 hxg5 20. Rfe1 c6 21. Rad1 Ne6 22. Nc2 Be5 23. Ne3 Nc5 24. Bg4 Ne6 25. Bf3 Qb6 26. Na4 Qb4 27. Nc3 a4 28. a3 Qb3 29. Bg4 Bxc3 30. bxc3 Qxa3 {Woodward,A (2354)-Cabarkapa,N (2466) Novi Sad 2022 1-0 (43)}) 16... Nh5 17. Qd2 g5 18. Bd1 Be6 19. b3 a4 20. Bc2 axb3 21. axb3 Rxa1 22. Rxa1 Be5 23. Ra7 c6 24. Nce2 Nf4 25. Bf2 Nxe2+ 26. Nxe2 Qf6 27. Be3 Bxh3 28. b4 Nd7 29. Rxb7 Be6 30. Nd4 Ra8 31. Nxe6 Qxe6 32. Bd3 Ra1+ 33. Kf2 Nf6 34. Ra7 Rh1 35. Ke2 Nh5 36. Qa2 g4 37. f4 Ra1 38. Qxa1 Bxa1 39. Rxa1 Ng3+ 40. Kd2 Nxe4+ 41. Kc2 f5 42. b5 cxb5 43. Ra8+ Kg7 44. cxb5 Qd5 45. Rc8 Nf2 46. Rc7+ Kg6 47. Bc4 Qd1+ 48. Kb2 d5 0-1

[Event "Tepe Sigeman 2026"]
[Site "Elite Plaza Hotel, Gustav Ado"]
[Date "2026.05.06"]
[Round "6.4"]
[White "Van Foreest, Jorden"]
[Black "Grandelius, Nils"]
[Result "1/2-1/2"]
[WhiteElo "2735"]
[BlackElo "2662"]
[PlyCount "113"]
[EventDate "2026.??.??"]
[WhiteTeam "NED"]
[BlackTeam "SWE"]
[WhiteClock "0:16:17"]
[BlackClock "0:05:26"]

1. e4 e5 2. Nf3 Nc6 3. Bc4 Nf6 4. d3 Bc5 5. O-O d6 6. c3 O-O 7. Re1 Bb6 8. Bb3 Ne7 9. Nbd2 Ng6 10. Nc4 h6 11. Bc2 c6 12. Nxb6 axb6 13. d4 b5 14. h3 Re8 15. a3 ({RR} 15. dxe5 dxe5 16. Qxd8 Rxd8 17. Be3 Be6 18. Bb6 Rd7 19. a3 Nh5 20. Rad1 Rxd1 21. Rxd1 Nhf4 22. Kh2 f6 23. Nd2 Nf8 24. Nb3 Nd7 25. Be3 Kf7 26. h4 Ke7 27. Nc5 Rb8 28. g3 Ng6 29. Nxd7 Bxd7) 15... Qc7 $146 ({RR} 15... Bd7 16. Be3 Qc7 17. Nd2 d5 18. dxe5 Qxe5 19. Bd4 Qf4 20. g3 Qd6 21. Bxf6 Qxf6 22. f4 Nxf4 23. gxf4 Qxf4 24. Qe2 dxe4 25. Nxe4 Bxh3 26. Qf2 Qxf2+ 27. Kxf2 Rad8 28. Nd6 Rxe1 29. Rxe1 b6 30. Bf5 {Niemann,H (2738)-Mishra,A (2652) Saint Louis USA 2025 1-0 (85)}) ({RR} 15... Bd7 16. Be3 Qc7 17. Nd2 d5 18. dxe5 Qxe5 19. Bd4 Qf4 20. g3 Qd6 21. Bxf6 Qxf6 22. f4 Nxf4 23. gxf4 Qxf4 24. Qe2 dxe4 25. Nxe4 Bxh3 26. Qf2 Qxf2+ 27. Kxf2 Rad8 28. Nd6 Rxe1 29. Rxe1 b6 30. Bf5 {Niemann,H (2738)-Mishra,A (2652) Saint Louis, US 2025 1-0 (85)}) 16. Be3 Be6 17. Nd2 Rad8 18. Qf3 Qe7 19. Rad1 Nh4 20. Qe2 Ng6 21. Nf1 Bc4 22. Qd2 Nh5 23. Ng3 Nxg3 24. fxg3 exd4 25. cxd4 Be6 26. Qf2 Rc8 27. Bf4 Rcd8 28. b4 d5 29. e5 Rf8 30. Qe3 f5 31. exf6 Rxf6 32. Bxg6 Rxg6 33. g4 Re8 34. Rd2 Qd7 35. Be5 Bf7 36. Qg3 Rge6 37. Rf1 Bg6 38. Rdf2 Be4 39. h4 b6 40. h5 Qe7 41. Rf4 c5 42. g5 Qxg5 43. Qxg5 hxg5 44. Rf7 R6e7 45. Rxe7 Rxe7 46. Bd6 Rf7 47. bxc5 bxc5 48. dxc5 Rxf1+ 49. Kxf1 d4 50. Be5 d3 51. Bc3 Kh7 52. Kf2 Kh6 53. g4 g6 54. Ke3 Bc6 55. hxg6 Kxg6 56. Kxd3 Kf7 57. Kd4 1/2-1/2

[Event "Tepe Sigeman 2026"]
[Site "Elite Plaza Hotel, Gustav Ado"]
[Date "2026.05.07"]
[Round "7.1"]
[White "Erigaisi Arjun"]
[Black "Woodward, Andy"]
[Result "1/2-1/2"]
[WhiteElo "2751"]
[BlackElo "2635"]
[PlyCount "120"]
[EventDate "2026.??.??"]
[WhiteTeam "IND"]
[BlackTeam "USA"]
[WhiteClock "0:25:14"]
[BlackClock "0:00:44"]

1. d4 Nf6 2. c4 e6 3. Nc3 Bb4 4. g3 O-O 5. Bg2 Nc6 6. e4 ({RR} 6. Qd3 e5 7. d5 e4 8. Qc2 Nd4 9. Qd1 Bxc3+ 10. bxc3 Nf5 11. Nh3 d6 12. O-O Re8 13. Re1 e3 14. f3 Nd7 15. Nf4 Nc5 16. Nd3 b6 17. Nxc5 dxc5 18. Qd3 Qe7 19. Qe4 Nd6 20. Qxe7 Rxe7 {Deac,B (2655)-Nakamura,H (2810) chess.com INT 2026 0-1 (49)}) 6... Bxc3+ $146 ({RR} 6... e5 7. d5 Bxc3+ 8. bxc3 Na5 9. c5 b6 10. Qa4 Nb7 11. cxb6 Nc5 12. b7 Bxb7 13. Qc2 c6 14. Ba3 Qa5 15. Bb4 Qb5 16. Bf1 Qb6 17. Rb1 Rfb8 18. Ba3 Qa5 19. Bb4 Qb6 20. Ba3 Qa5 21. Bb4 {Gundavaa,B (2516)-Mohammad,M (2411) Incheon 2013 ½-½}) ({RR} 6... e5 7. dxe5 Nxe5 8. Nge2 d6 9. O-O a5 10. b3 Bc5 11. h3 Re8 12. Kh1 c6 13. f4 Ng6 14. Qd3 Rb8 15. Nd4 Ne7 16. Bb2 Bd7 17. Rad1 Qc7 18. g4 Rbd8 19. g5 Nh5 20. Qf3 g6 21. f5 {Erigaisi,A (2782)-McShane,L (2615) London ENG 2025 1-0 (33)}) 7. bxc3 d6 8. g4 Na5 9. h4 Nxc4 10. h5 Nd7 11. Qd3 b5 12. a4 Ba6 13. g5 c5 14. axb5 Bxb5 15. Ne2 Rb8 16. Qh3 Na5 17. Be3 Nb3 18. Ra3 Bxe2 19. Kxe2 cxd4 20. cxd4 Qc7 21. Kf3 f5 22. gxf6 Rxf6+ 23. Kg4 e5 24. d5 Nd4 25. Kg3 Nc5 26. Kh2 Nc2 27. Bxc5 dxc5 28. Rc3 Rxf2 29. Rc1 Nd4 30. Rxc5 Qd6 31. Rc8+ Rxc8 32. Rxc8+ Rf8 33. Qc3 Qf6 34. Rxf8+ Qxf8 35. Qc7 Qf4+ 36. Kh3 Qe3+ 37. Kh2 Qf4+ 38. Kh3 g5 39. hxg6 Qh6+ 40. Kg3 Qf4+ 41. Kh3 Qh6+ 42. Kg3 Qxg6+ 43. Kh2 Qh6+ 44. Kg1 Qc1+ 45. Qxc1 Ne2+ 46. Kf2 Nxc1 47. Ke3 Kf7 48. Kd2 Nb3+ 49. Kc3 Nd4 50. Kb4 Ke7 51. Ka5 h5 52. Ka6 h4 53. Kxa7 Kd6 54. Kb6 Nc2 55. Kb5 Ne3 56. Bf3 h3 57. Kb4 Nc2+ 58. Kc3 Nd4 59. Bh1 Ne2+ 60. Kd2 Nd4 1/2-1/2

[Event "Tepe Sigeman 2026"]
[Site "Elite Plaza Hotel, Gustav Ado"]
[Date "2026.05.07"]
[Round "7.2"]
[White "Abdusattorov, Nodirbek"]
[Black "Van Foreest, Jorden"]
[Result "1/2-1/2"]
[WhiteElo "2780"]
[BlackElo "2735"]
[PlyCount "87"]
[EventDate "2026.??.??"]
[WhiteTeam "UZB"]
[BlackTeam "NED"]
[WhiteClock "0:20:06"]
[BlackClock "0:19:15"]

1. c4 Nf6 2. Nc3 g6 3. d4 d5 4. Nf3 Bg7 5. Bg5 Ne4 6. Bf4 Nxc3 7. bxc3 c5 8. e3 O-O 9. cxd5 cxd4 10. cxd4 Qxd5 11. Be2 Qa5+ 12. Qd2 Qxd2+ 13. Kxd2 Nc6 14. Rhc1 Rd8 ({RR} 14... Bf5 15. Rc5 {½-½ (15) Kluger,G-Milev,Z Leipzig 1960}) ({RR} 14... Bf5 15. Ke1 Rfd8 16. a3 Rac8 17. Bb5 Na5 18. Nd2 Rxc1+ 19. Rxc1 Rc8 20. Rxc8+ Bxc8 21. Bc7 b6 22. Be2 Bb7 23. f3 e6 24. Nc4 Nxc4 25. Bxc4 Bc6 26. Bd3 Bf8 27. Bb8 a5 28. Bc7 Bxa3 29. Bxb6 {Georgiadis,A (2324)-Rami,T (2286) chess.com INT 2026 0-1 (64)}) 15. Rc5 Bf5 16. Rb5 $146 ({RR} 16. Rac1 Be4 17. Bd3 Bd5 18. Bc4 Bxf3 19. gxf3 Nxd4 20. exd4 Rxd4+ 21. Ke3 Rxf4 22. Kxf4 Bh6+ 23. Rg5 Kf8 24. Kg4 f6 25. f4 fxg5 26. fxg5 Bg7 27. Be6 Be5 28. h4 Kg7 29. h5 gxh5+ 30. Kxh5 Rf8 {Kramnik,V (2769)-Caruana,F (2829) London 2014 ½-½ (35)}) ({RR} 16. Bd3 Bxd3 17. Kxd3 Rac8 18. Rb5 b6 19. a4 f6 20. Ke2 Na5 21. Ra2 Rc1 22. e4 Rc4 23. Kd3 e5 24. Bd2 Rdxd4+ 25. Nxd4 Rxd4+ 26. Kc2 Nc4 27. Bc3 Rxe4 28. Kd3 Rh4 29. g3 f5 {1-0 (29) Fedoseev,V (2690)-Erdos,V (2599) Dubai 2021}) ({RR} 16. Rac1 e5 17. Nxe5 Nxe5 18. Bxe5 b6 19. Bxg7 bxc5 20. Bf6 cxd4 21. Bxd8 Rxd8 22. Rc7 a5 23. Bc4 dxe3+ 24. Kxe3 Re8+ 25. Kf4 Be6 26. Bb5 Rd8 27. a4 Bb3 28. Ke3 Kg7 29. f4 h5 30. g3 Rd1 {Antipov,M (2600)-Woodward,A (2480) Sunnyvale USA 2023 ½-½ (38)}) 16... e5 17. Nxe5 Nxd4 18. exd4 Rxd4+ 19. Ke3 Re4+ 20. Kf3 g5 21. Bxg5 Rxe5 22. Rxe5 Bxe5 23. Rc1 Rc8 24. Rxc8+ Bxc8 25. Ke4 Bc7 26. Bc4 Kg7 27. h4 b5 28. Bd5 a5 29. Be3 h5 30. Bc5 Kf6 31. a3 Bf5+ 32. Ke3 Bd7 33. Bf3 Bg4 34. Bc6 b4 35. axb4 axb4 36. f3 Be6 37. Bxb4 Bg3 38. Ba5 Kg7 39. Bd8 f6 40. Ke4 Bxh4 41. Be8 f5+ 42. Ke5 Bxd8 43. Kxe6 f4 44. Bxh5 1/2-1/2

[Event "Tepe Sigeman 2026"]
[Site "Elite Plaza Hotel, Gustav Ado"]
[Date "2026.05.07"]
[Round "7.3"]
[White "Carlsen, Magnus"]
[Black "Erdogmus, Yagiz Kaan"]
[Result "1-0"]
[WhiteElo "2840"]
[BlackElo "2708"]
[PlyCount "117"]
[EventDate "2026.??.??"]
[WhiteTeam "NOR"]
[BlackTeam "TUR"]
[WhiteClock "0:07:52"]
[BlackClock "0:00:43"]

1. d4 d5 2. Nf3 c5 3. c4 dxc4 4. e4 cxd4 5. Qxd4 Qxd4 6. Nxd4 Bd7 7. Bxc4 Nc6 8. Be3 Nxd4 ({RR} 8... Nf6 9. f3 e6 10. Nxc6 Bxc6 11. Nd2 Nd7 12. Nb3 Ne5 13. Be2 Be7 14. O-O O-O 15. Na5 Rfc8 16. Rac1 Bd8 17. Nxc6 Rxc6 18. f4 Rxc1 19. Rxc1 Nc6 20. Bb5 Nb4 21. a3 a6 22. Bd7 Nd3 23. Rc2 {Riazantsev,A (2710)-Jaracz,P (2542) Warsaw 2011 0-1 (41)}) ({RR} 8... Nf6 9. f3 e6 10. Kf2 Bc5 11. Nxc6 Bxe3+ 12. Kxe3 Bxc6 13. h4 Ke7 14. Nc3 Rac8 15. Rac1 Rhd8 16. Ne2 h5 17. Bd3 e5 18. Rc3 Rd6 19. Rhc1 Rcd8 20. b4 a6 21. R1c2 Nd7 22. Nc1 Nf8 23. Nb3 {Vijayakumar,R (2321)-Ingebretsen,J (2415) Fagernes NOR 2026 ½-½ (59)}) 9. Bxd4 e6 10. f3 $146 ({RR} 10. Nc3 Ne7 11. Nb5 Nc6 12. Nc7+ Kd8 13. Nxa8 Nxd4 14. O-O-O Nc6 15. a3 Bc5 16. b4 Bxf2 17. Rhf1 Be3+ 18. Kb1 Ke7 19. Nc7 Ne5 20. Bb5 Bc8 21. Rfe1 Bg5 22. Be2 Bd7 23. Nb5 a6 24. Nc3 Rc8 {Gyimesi,Z (2596)-Beikert,G (2444) Germany 2002 ½-½}) 10... Ne7 11. Kf2 Nc6 12. Be3 Rc8 13. Nd2 Ne5 14. Be2 Bc5 15. Bxc5 Rxc5 16. Rhc1 Rxc1 17. Rxc1 Nc6 18. e5 Ke7 19. f4 Rc8 20. a3 f6 21. exf6+ gxf6 22. Rc3 Nd4 23. Rxc8 Bxc8 24. Bd3 h6 25. Ke3 Nc6 26. Nf3 b6 27. g4 e5 28. h3 Kd6 29. Nd2 exf4+ 30. Kxf4 Ne5 31. Bf5 Bb7 32. Bc2 Bg2 33. Kg3 Bd5 34. Kf4 Bg2 35. h4 Ke7 36. b3 Bh3 37. Bf5 Bg2 38. Ne4 Bxe4 39. Bxe4 Nf7 40. Bd5 Nd6 41. a4 Kd7 42. b4 Nc8 43. Ke4 Ne7 44. Kd4 f5 45. g5 hxg5 46. hxg5 Kd6 47. Bb7 Ng6 48. Kc4 Nf8 49. Bc8 Ne6 50. g6 Ke7 51. Kb5 f4 52. Ka6 f3 53. Kxa7 b5 54. g7 Nxg7 55. axb5 f2 56. Bh3 Ne6 57. b6 Nd4 58. b7 Nc6+ 59. Ka8 1-0

[Event "Tepe Sigeman 2026"]
[Site "Elite Plaza Hotel, Gustav Ado"]
[Date "2026.05.07"]
[Round "7.4"]
[White "Grandelius, Nils"]
[Black "Zhu, Jiner"]
[Result "1/2-1/2"]
[WhiteElo "2662"]
[BlackElo "2546"]
[PlyCount "92"]
[EventDate "2026.??.??"]
[WhiteTeam "SWE"]
[BlackTeam "CHN"]
[WhiteClock "0:15:28"]
[BlackClock "0:13:13"]

1. c4 e5 2. d3 Bb4+ 3. Bd2 Bxd2+ 4. Qxd2 d6 5. Nc3 Nf6 6. g3 ({RR} 6. Nf3 O-O 7. e3 b6 8. g3 Bb7 9. Bg2 Nbd7 10. O-O Rb8 11. e4 c6 12. a4 d5 {½-½ (12) Iturrizaga Bonelli,E (2585)-Delchev,A (2455) Darfo Boario Terme ITA 2025}) 6... O-O 7. Bg2 Re8 8. Nf3 c6 $146 ({RR} 8... Nc6 9. O-O Nd4 10. Nh4 c6 11. f4 exf4 12. Rxf4 Ne6 13. Rff1 Ng4 14. Rae1 Ng5 15. e3 Ne5 16. b3 Nh3+ 17. Kh1 Bg4 18. d4 Ng6 19. Nf5 Ne7 20. e4 Nxf5 21. exf5 Rxe1 22. Qxe1 Qd7 23. f6 {Kokarev,D (2611)-Lobanov,S (2516) Cheliabinsk 2020 1-0}) ({RR} 8... Nc6 9. O-O Nd4 10. Nh4 c6 11. f4 exf4 12. Rxf4 Ne6 13. Rff1 Ng4 14. Rae1 Ng5 15. e3 Ne5 16. b3 Nh3+ 17. Kh1 Bg4 18. d4 Ng6 19. Nf5 Ne7 20. e4 Nxf5 21. exf5 Rxe1 22. Qxe1 Qd7 23. f6 {Kokarev,D (2611)-Lobanov,S (2516) Cheliabinsk 2020 1-0}) 9. e4 a6 10. O-O b5 11. a3 Be6 12. Ng5 Qb6 13. b4 Nbd7 14. Nxe6 Rxe6 15. Rab1 Ree8 16. a4 Nf8 17. axb5 axb5 18. cxb5 cxb5 19. Qe3 Qb8 20. Nd5 Nxd5 21. exd5 Ng6 22. Rfc1 Ne7 23. Be4 f5 24. Bf3 Qa7 25. Rc3 Qxe3 26. fxe3 Rec8 27. Rbc1 Rxc3 28. Rxc3 Kf8 29. e4 Ra4 30. Rb3 Ra2 31. Bg2 Kf7 32. Bf1 Kf6 33. Rc3 Rb2 34. Rc7 Rxb4 35. Rd7 fxe4 36. dxe4 Rxe4 37. Rxd6+ Kf7 38. Rd7 Kf6 39. Rd6+ Kg5 40. Bxb5 Nf5 41. Ra6 Rd4 42. Be2 g6 43. Ra5 Rd2 44. Bf3 Nd4 45. Bg2 Rd1+ 46. Kf2 Rd2+ 1/2-1/2

[Event "Tepe Sigeman 2026"]
[Site "Elite Plaza Hotel, Gustav Ado"]
[Date "2026.05.07"]
[Round "8.1"]
[White "Erigaisi Arjun"]
[Black "Carlsen, Magnus"]
[Result "0-1"]
[WhiteElo "2776"]
[BlackElo "2869"]
[PlyCount "91"]
[EventDate "2026.??.??"]
[WhiteTeam "IND"]
[BlackTeam "NOR"]
[TimeControl "180+2"]
[BlackClock "0:00:16"]

1. d4 {[%emt 0:00:01] Rafael Leitao Chessbase} Nf6 {[%emt 0:00:01]} 2. c4 {[%emt 0:00:01]} e6 {[%emt 0:00:02]} 3. Nc3 {[%emt 0:00:01]} Bb4 {[%emt 0:00:01]} 4. g3 {[%emt 0:00:02]} O-O {[%emt 0:00:08]} 5. Bg2 {[%emt 0:00:01]} d5 {[%emt 0:00:02]} 6. a3 {[%emt 0:00:03]} Be7 {[%emt 0:00:02]} ({RR} 6... Bxc3+ 7. bxc3 dxc4 ({RR} 7... c6) ({RR} 7... c5) 8. a4 ({RR} 8. Nf3 c5 9. O-O cxd4 10. Qxd4 Nc6 11. Qxc4 e5 12. Bg5 h6 13. Rfd1 Be6 14. Rxd8 Bxc4 15. Rxa8 Rxa8 16. Bxf6 gxf6 17. Kf1 Rd8 18. Ke1 Na5 19. Rd1 Rc8 20. Nd2 Be6 21. c4 Bxc4 22. Nxc4 Rxc4) ({RR} 8. Qa4 Bd7 9. Qxc4 Bc6 10. f3 Qd7 11. e4 Bb5 12. Qa2 Qc6 13. a4 Bc4 14. Qd2 Qa6 15. Ne2 c5 16. Ba3 Nbd7 17. Kf2 Rfd8 18. Qe3 Rac8 19. Rhe1 b6 20. Kg1 Qa5 21. Bb2 Nb8 22. g4 Nc6) ({RR} 8. Nf3 c5 9. O-O cxd4 10. Qxd4 Nc6 11. Qxc4 e5) 8... c5 ({RR} 8... Nc6) 9. Ba3 ({RR} 9. a5 Na6 10. Nf3 Nd5 11. Bb2 Bd7 12. e4 Ne7 13. O-O Rc8 14. Ne5 Bb5 15. d5 Qd6 16. Ng4 exd5 17. exd5 Rcd8 18. Ne3 Nc7 19. Qh5 Ncxd5 20. Rfd1 Bc6 21. Nxc4 Qc7 22. Nd2 b6 23. c4 Nb4) ({RR} 9. a5) 9... Qa5 10. Qc2 Rd8 ({RR} 10... Re8 11. Bxc5 e5) 11. Bxc5 Na6 ({RR} 11... Nc6 12. Bxc6 ({RR} 12. Nf3 Ne4) 12... bxc6) ({RR} 11... Nd5 12. Nf3 ({RR} 12. Bxd5 exd5) 12... Na6 13. Ba3 Qxc3+ 14. Qxc3 Nxc3 15. Nd2) 12. Be7 Rxd4 13. Nf3 Rd7 14. Bxf6 gxf6 15. Nd2 Qc7 ({RR} 15... Rc7) 16. a5 Rb8 17. O-O ({RR} 17. Ra4 b5 ({RR} 17... Nc5 18. Rxc4 Qxa5 19. O-O) 18. axb6 Qxb6) 17... b5 18. axb6 axb6 19. Ne4 Kg7 20. g4 Nc5 21. Ng3 {Erigaisi,A (2782)-Gukesh,D (2787) Stavanger NOR 2025 [Chessbase] 1-0 (62)}) ({RR} 6... Bxc3+ 7. bxc3 dxc4 8. a4 c5 9. Ba3 Qa5 10. Qc2 Rd8 11. Bxc5 Na6 12. Be7 Rxd4 13. Nf3 Rd7 14. Bxf6 gxf6 15. Nd2 Qc7 16. a5 Rb8 17. O-O b5 18. axb6 axb6 19. Ne4 Kg7 20. g4 Nc5 21. Ng3 {Erigaisi Arjun (2782)-Gukesh D (2787) Chess.com 2025 [Rafael Leitao] 1-0 (62)}) 7. Qd3 {[%emt 0:00:01]} b6 $146 {[%emt 0:00:16]} ({RR} 7... c5 8. dxc5 Nbd7 9. cxd5 Nxc5 10. Qd1 exd5 11. Nf3 Nce4 12. O-O Nxc3 13. bxc3 Bf5 14. Nd4 Be4 15. Bh3 Bc5 16. a4 Re8 17. Nb3 Bd6 18. Be3 Bg6 19. Bd4 Ne4 20. Nd2 Qc7 21. Nxe4 Bxe4 22. a5 {Topalov,V (2780)-Gelfand,B (2737) Nice 2008 ½-½ (35)}) ({RR} 7... h6 8. Nf3 b6 9. cxd5 exd5 10. O-O Bb7 11. Bf4 a5 12. Rac1 Na6 13. Ne5 c5 14. Rfd1 Re8 15. Qf3 cxd4 16. Nb5 Bc5 17. h4 Ne4 18. Nxd4 Bxd4 19. Rxd4 Qf6 20. Qh5 g6 21. Qxh6 Rxe5 22. Bxe5 {Gong,S (2404)-Temirbekov,T (2353) Moscow RUS 2026 ½-½ (112)}) ({RR} 7... c6 8. Nf3 b6 9. O-O a5 10. b3 Ba6 11. a4 Nbd7 12. Rd1 Bb4 13. Bf4 Qe7 14. Rac1 Rac8 15. Ne5 Nxe5 16. dxe5 Nd7 17. Qf3 Rfd8 18. h4 Qe8 19. h5 Bf8 20. h6 g6 21. Bg5 Be7 22. Qf4 {Smirnov,P (2592)-Khismatullin,D (2679) Khanty-Mansiysk 2014 0-1 (67)}) ({RR} 7... c6 8. Nf3 b6 9. O-O Bb7 10. Rd1 Nbd7 11. Bf4 a5 12. cxd5 Ba6 13. Qd2 cxd5 14. Ne5 Rc8 15. Rac1 Nxe5 16. dxe5 Nd7 17. e4 Nc5 18. exd5 Nb3 19. Qe1 Nxc1 20. Bxc1 Qd7 21. d6 Bd8 22. Be3 {Bacrot,E (2714)-Iotov,V (2568) Rijeka 2010 ½-½ (31)}) 8. cxd5 {[%emt 0:00:11]} Nxd5 {[%emt 0:00:14]} 9. Nf3 {[%emt 0:00:19]} Bb7 {[%emt 0:00:35]} 10. Nxd5 {[%emt 0:00:07]} exd5 {[%emt 0:00:10]} 11. O-O {[%emt 0:00:02]} Nd7 {[%emt 0:00:04]} 12. Bf4 {[%emt 0:00:10]} c5 {[%emt 0:00:01]} 13. b3 {[%emt 0:00:12]} Re8 {[%emt 0:00:10]} 14. h4 {[%emt 0:00:08]} h6 {[%emt 0:00:01]} 15. Rfd1 {[%emt 0:00:05]} a5 {[%emt 0:00:16]} 16. a4 {[%emt 0:00:20]} Ba6 {[%emt 0:00:24]} 17. Qc2 {[%emt 0:00:05]} Rc8 {[%emt 0:00:03]} 18. Qb2 {[%emt 0:00:15]} Nf6 {[%emt 0:00:22]} 19. Bh3 {[%emt 0:00:17]} Ra8 {[%emt 0:00:06]} 20. Be5 {[%emt 0:00:14]} Bf8 {[%emt 0:00:17]} 21. Rac1 {[%emt 0:00:10]} Ne4 {[%emt 0:00:02]} 22. dxc5 {[%emt 0:00:19]} bxc5 {[%emt 0:00:09]} 23. Bf5 {[%emt 0:00:05]} Nf6 {[%emt 0:00:01]} 24. Bxf6 {[%emt 0:00:10]} Qxf6 {[%emt 0:00:02]} 25. Qxf6 {[%emt 0:00:01]} gxf6 {[%emt 0:00:01]} 26. Rxd5 {[%emt 0:00:02]} Bxe2 {[%emt 0:00:02]} 27. Nd2 {[%emt 0:00:05]} Red8 {[%emt 0:00:09]} 28. Be4 {[%emt 0:00:21]} Rxd5 {[%emt 0:00:04]} 29. Bxd5 {[%emt 0:00:01]} Rd8 {[%emt 0:00:01]} 30. Ne4 {[%emt 0:00:01]} f5 {[%emt 0:00:07]} 31. Nc3 {[%emt 0:00:03]} Ba6 {[%emt 0:00:01]} 32. Bc4 {[%emt 0:00:06]} Bb7 {[%emt 0:00:01]} 33. Rd1 {[%emt 0:00:02]} Rd4 {[%emt 0:00:03]} 34. Kf1 {[%emt 0:00:04]} f4 {[%emt 0:00:02]} 35. Rxd4 {[%emt 0:00:04]} cxd4 {[%emt 0:00:01]} 36. Nb5 {[%emt 0:00:01]} fxg3 {[%emt 0:00:01]} 37. fxg3 {[%emt 0:00:00]} Bc5 {[%emt 0:00:01]} 38. Ke2 {[%emt 0:00:02]} Be4 {[%emt 0:00:01]} 39. Bd3 {[%emt 0:00:01]} f5 {[%emt 0:00:02]} 40. Nc7 {[%emt 0:00:04]} Kf7 {[%emt 0:00:02]} 41. Na6 {[%emt 0:00:01]} Bd6 {[%emt 0:00:02]} 42. g4 {[%emt 0:00:02]} Bxd3+ {[%emt 0:00:00]} 43. Kxd3 {[%emt 0:00:01]} fxg4 {[%emt 0:00:01]} 44. Kxd4 {[%emt 0:00:01]} Kg6 {[%emt 0:00:04]} 45. Ke3 {[%emt 0:00:05]} Kh5 {[%emt 0:00:01]} 46. Kd4 {[%emt 0:00:07]} 0-1